<The> Eurocentric conception of world politics western international theory, 1760-2010
Saved in:
| Main Author: | |
|---|---|
| Format: | Book |
| Language: | English |
| Published: |
New York
Cambridge University Press
2012
|
| Subjects: | |
| Tags: |
No Tags, Be the first to tag this record!
|
MARC
| LEADER | 00000nam a2200000 4500 | ||
|---|---|---|---|
| 001 | 0194684 | ||
| 005 | 20240306140245.2 | ||
| 020 | |a 978-1-107-60454-4 (pbk) | ||
| 020 | |a 978-1-107-02020-7 (hdb) | ||
| 041 | 0 | |a eng | |
| 044 | |a US | ||
| 245 | 1 | 0 | |a <The> Eurocentric conception of world politics |b western international theory, 1760-2010 |c John M. Hobson |
| 264 | 1 | |a New York |b Cambridge University Press |c 2012 | |
| 300 | |a 393 s. | ||
| 610 | 2 | 0 | |a politika svetová |
| 610 | 2 | 0 | |a euro |
| 610 | 2 | 0 | |a centralizmus |
| 610 | 2 | 0 | |a teórie politické |
| 610 | 2 | 0 | |a vzťahy medzinárodné |
| 610 | 2 | 0 | |a imperializmus |
| 610 | 2 | 0 | |a rasizmus |
| 610 | 2 | 0 | |a neoliberalizmus |
| 610 | 2 | 0 | |a civilizácia |
| 610 | 2 | 0 | |a suverenita |
| 610 | 2 | 0 | |a globalizácia |
| 610 | 2 | 0 | |a koncepcie |
| 100 | 1 | |a Hobson, John M. | |